CEO S GUIDE TO TALENT MANAGEMENT BUILDIN (Record no. 3950)
[ view plain ]
| 000 -LEADER | |
|---|---|
| fixed length control field | 00312nam a2200121Ia 4500 |
| 008 - FIXED-LENGTH DATA ELEMENTS--GENERAL INFORMATION | |
| fixed length control field | 240624s9999 xx 000 0 und d |
| 041 ## - LANGUAGE CODE | |
| Language code of text/sound track or separate title | eng |
| 082 ## - DEWEY DECIMAL CLASSIFICATION NUMBER | |
| Classification number | 658.4092 WEI |
| 100 ## - MAIN ENTRY--PERSONAL NAME | |
| Personal name | WELLINS RICHARD S |
| 245 ## - TITLE STATEMENT | |
| Title | CEO S GUIDE TO TALENT MANAGEMENT BUILDIN |
| 260 ## - PUBLICATION, DISTRIBUTION, ETC. | |
| Date of publication, distribution, etc. | 2006 |
| Place of publication, distribution, etc. | London |
| Name of publisher, distributor, etc. | DDI |
| 300 ## - PHYSICAL DESCRIPTION | |
| Extent | 49 : p. ; 21cm. |
| Withdrawn status | Lost status | Damaged status | Not for loan | Home library | Current library | Shelving location | Date acquired | Total Checkouts | Full call number | Barcode | Date due | Date last seen | Date last checked out | Copy number | Price effective from | Koha item type |
|---|---|---|---|---|---|---|---|---|---|---|---|---|---|---|---|---|
| IMTN | IMTN | Rack 29-B | 10/07/2006 | 2 | 658.4092 WEI | 3950 | 01/17/2025 | 01/07/2025 | 01/07/2025 | 1 | 06/24/2024 | Books |